اكتمل التصدير — 

Paris - Le Caire = al-Qāhirah - Bārīs /

محفوظ في:

مؤلفون آخرون: Longueville, Patrick., Maḥfūẓ, Najīb, 1911-2006., Ghīṭānī, Jamāl.

التنسيق: كتاب

اللغة: English
French

منشور في: Egypt : The Representative Office of Gaz de France in Egypt, 2006.

الموضوعات:

الوسوم: إضافة وسم

لا توجد وسوم, كن أول من يضع وسما على هذه التسجيلة!

رقم الطلب: DT144.3 .P37 2006

LEADER 00985namaa2200289 4500
001 14196
003 OSt
005 20250526075559.0
008 190929s2006 ua a 000 0 eng d
020 |a 9774248376 
040 |c ARCE Library 
041 0 |a eng  |a fre 
043 |a f-ua--- 
050 4 |a DT144.3 .P37 2006 
245 0 0 |a Paris - Le Caire =   |b al-Qāhirah - Bārīs /   |c photographs and introduction Patrick Longueville ; prefatory texts by Naguib Mahfouz, Gamal el Ghitany. 
246 3 1 |a Qāhirah - Bārīs. 
264 1 |a Egypt :  |b The Representative Office of Gaz de France in Egypt,  |c 2006. 
300 |a 137 pages :  |b illustrations ;  |c 25 x 22 cm. 
546 |a Text in English and French. 
651 0 |a Cairo (Egypt)  |v Pictorial works. 
651 0 |a Paris (France)  |v Pictorial works. 
700 1 |a Longueville, Patrick.  |9 34888 
700 1 |a Maḥfūẓ, Najīb,  |d 1911-2006. 
700 1 |a Ghīṭānī, Jamāl.  |9 30710 
901 |a reviewed 
942 |c BK  |2 lcc 
999 |c 15107  |d 15107